000 00482nam a2200157Ia 4500
999 _c12202
_d12202
003 OSt
005 20201005131137.0
008 190216s9999||||xx |||||||||||||| ||und||
040 _coclc
082 _a823.912
_bMAU/C
100 _aMaugham, W Somerset
_94966
245 0 _aCakes And Ale Or The Skeleton In The Cupboard /
_cW Somerset Maugham
260 _bHeron Books ,
_c1967.
_aLondon:
300 _a269p
942 _cBK
_2ddc
_h823.912
_iMAU/C
_k823.912
_mMAU/C